Spresnené postavenie a činnosť K. Tóthová o novele zákona o audítoroch

Bibliographic Details
Main Author: Tóthová, Katarína, 1940- (Author)
Format: Article
Language:Slovak
PhysicalDescription:Fotogr. 3
Subjects:

MARC

LEADER 00000nab a2200000 a 4500
001 vtls000585144
003 SK-MaSNL
005 20260303011418.0
008 160202c1996 xo 0 slo
015 |a SNBRB19rr/mm-uuuuu 
035 |a CL0585283 
040 |a SNKBUCL  |b slo  |c SNKBUCL  |e AACR2 
041 0 |a slo 
044 |a xo  |c SK 
080 |a 657.63:340.133  |2 1981 
080 |a 340.133  |2 1981 
245 0 0 |a Spresnené postavenie a činnosť  |b K. Tóthová o novele zákona o audítoroch 
300 |b Fotogr. 3 
500 |a Chybné číslovanie. Má byť č. 125 
650 0 7 |a audítori  |2 snkbucl  |9 3648 
655 7 |a články z novín a časopisov  |2 snkbucl  |9 267496 
700 1 |a Tóthová, Katarína,  |d 1940-  |4 aut  |9 201924 
773 0 |t Slovenská republika  |g Roč. 4, č. 25 (30. 5. 1996), s. 3 
850 |a Slovenská národná knižnica v Martine  |a MTA001 
852 |a SNK  |b KIS3GCP 
958 |a RK 
958 |a SK 
992 |a RBX 
999 |c 1592003  |d 1593933